00267 a2200109 4500001000700000020000600007040001100013100001500024240005700039245005200096362000900148158906 a  cMagnum aTia Regina10aHistorias e lendas do brasil v.4/contos gauchoslpor10aHistorias e lendas do brasil v.4/contos gauchos0 a1899